000 00362nam a22001337a 4500
082 _a158
_bDEV/R
100 _aDEVASSIA, MANU
245 _aREALIZATIONS:THAT ARRIVE TOO LATE
246 _aREALIZATIONS:THAT ARRIVE TOO LATE
_bREALIZATIONS:THAT ARRIVE TOO LATE
260 _aTHIRUVANANTHAPURAM
_bCORPUS
_c2025
300 _a91
650 _aMOTIVATIONAL
942 _cBK
999 _c9191
_d9191